000 01134nam0a22002771 4500
001 rc\4313673
005 20130416130825.3
021 _aRU
_bРг3198-64
035 _a(NLR Aleph) 008261623
090 _a8400687
_c8400687
100 _a20130416d1964 |||y0rusy50 ca
101 0 _arus
102 _aRU
105 _ay z |||||
200 1 _aТекст для самостоятельного чтения [на английском языке]
_eУчеб. пособие
_fВысш. авиац. училище гражданского воздушного флота
210 _aЛенинград
_cБ. и.
_d1964
215 _a18 с.
_d21
300 _aОтпеч. множит. аппаратом
300 _aСост. указан на обороте тит. л.
700 1 _aБеляева
_bС. А.
_gСветлана Аркадьевна
_4220
712 0 2 _aВысшее авиационное уч-ще гражданского воздушного флота
_cЛенинград
_3RU\NLR\AUTH\8810050
801 0 _aRU
_bNLR
_gpsbo
801 1 _aRU
_bELAR
_2rusmarc
852 _aNLR
_j64-4/6871
942 _cBOOK
980 _aNB